000 00588 a2200181 4500
000 BKB
001 070716
005 20200902150855.0
008
082 _a515.7
_bG21N
100 1 _aGasinski, Leszek
245 1 _aNonlinear analysis
_cby Leszek Gasinski and Nikolaos S. Papageorgiou
260 _aLondon
_bCRC Press
_c2006
300 _a9v. (971p.)
690 _aNonlinear functional analysis; Mathematical analysis; Nonlinear theories; Functional analysis
700 _aPapageorgiou, Nikolaos S.
_b
_c
964 _a
_bENG
_c
_d
_e
_f
_g
999 _c4144
_d4144